|
|
|
|
| LEADER |
01692nam a2200445 a 4500 |
| 001 |
nkc20122374281 |
| 003 |
CZ PrNK |
| 005 |
20120913094527.0 |
| 007 |
ta |
| 008 |
120801s2012 xr ac c 000 j cze |
| 015 |
|
|
|a cnb002374281
|
| 020 |
|
|
|a 978-80-7204-755-0
|q (váz.)
|
| 035 |
|
|
|a (OCoLC)815376262
|
| 040 |
|
|
|a ABA001
|b cze
|
| 072 |
|
7 |
|a 821.162.3-3
|x Česká próza
|2 Konspekt
|9 25
|
| 072 |
|
7 |
|a 821-93
|x Literatura pro děti a mládež (beletrie)
|2 Konspekt
|9 26
|
| 080 |
|
|
|a 821.162.3-32
|2 MRF
|
| 080 |
|
|
|a 821-93
|2 MRF
|
| 080 |
|
|
|a 903
|2 MRF
|
| 080 |
|
|
|a (0:82-32)
|2 MRF
|
| 100 |
1 |
|
|a Malina, Jaroslav,
|d 1945-
|7 jn19990218065
|4 aut
|
| 245 |
1 |
0 |
|a Mluvící prahrnec a jiné prapříběhy /
|c Jaroslav Malina ; ilustroval Petr Modlitba
|
| 260 |
|
|
|a Brno :
|b Akademické nakladatelství CERM,
|c 2012
|
| 300 |
|
|
|a 227 s. :
|b barev. il., portréty ;
|c 24 cm
|
| 500 |
|
|
|a Terminologický slovník
|
| 650 |
0 |
7 |
|a pravěk
|7 ph117254
|2 czenas
|
| 650 |
0 |
9 |
|a prehistory
|2 eczenas
|
| 655 |
|
7 |
|a české příběhy
|7 fd133973
|2 czenas
|
| 655 |
|
7 |
|a publikace pro mládež
|7 fd133157
|2 czenas
|
| 655 |
|
9 |
|a Czech stories
|2 eczenas
|
| 655 |
|
9 |
|a juvenile literature
|2 eczenas
|
| 700 |
1 |
|
|a Modlitba, Petr,
|d 1968-
|7 xx0133363
|4 ill
|
| 856 |
4 |
1 |
|u http://www.digitalniknihovna.cz/mzk/uuid/uuid:07f9b390-a7cd-11e9-8fdf-005056827e52
|y Digitalizovaný dokument
|x NDK
|
| 910 |
2 |
|
|a BOA001
|b 2-1289.839
|
| 928 |
9 |
|
|a CERM
|
| 990 |
|
|
|a BK
|
| 995 |
|
|
|a 01
|
| 991 |
|
|
|b 201208
|e db
|
| 996 |
6 |
|
|b 2610518505
|c 2-1289.839
|l MZK
|r Sklad / do 1 hodiny
|n 0
|p p.v.
|w 001269399
|u 000010
|a 1
|e BOA001
|j MZK50
|s P
|
| 996 |
7 |
|
|b 2610518506
|c 2-1289.839
|l MZK
|r Sklad / do 1 hodiny
|n 3
|p p.v.
|w 001269399
|u 000020
|a 1
|e BOA001
|j MZK50
|s A
|